Estadísticas para Provincias Españolas limitrofes con Portugal

Haz click aquí para intentar la prueba.

Estadísticas generales

  • Esta prueba ha sido intentada 165 veces
  • La puntuación promedio es 6 de 7

Estadísticas de respuestas

Provincias% Correcto
Caceres
94%
Huelva
93%
Badajoz
91%
Salamanca
91%
Pontevedra
89%
Zamora
89%
Orense
79%

Distribución de puntuación

Porcentaje por número respondido

Porcentaje de gente con cada puntuación

Historial de tus puntuaciones

No has intentado esta prueba.